000 00362nam a2200133 i 4500
001 bg
245 0 _aParamagnitnyj rezonans.
260 _aKazan,
_c1980.
040 _cBPK
041 _apol
942 _cKS
008 s pl f |000 0 pol
856 _uhttp://koha.tu.koszalin.pl/cgi-bin/koha/opac-detail.pl?biblionumber=19972
_yKatalog online BPK
999 _c19972
_d19972